000 01562nam0a2200385 4500
001 RU\NLR\bibl\1046612
005 20260406165506.0
010 _a5-91180-023-3
_912000
021 _aRU
_b2006-86183
_94367
035 _a(nilc)RSL-KNO-003018195
035 _a(NLR Aleph) 001033966
090 _a776343
_c776343
100 _a20070117d2006 |||y0rusy50 ca
101 0 _arus
102 _aRU
105 _aa zzzz|||||
106 _ar
200 1 _aНетрадиционные методы лечения по Болотову
_fБ. Болотов, Г. Погожев
210 _aСанкт-Петербург [и др.]
_cПитер
_d2006
215 _a315, [1] с.
_cил., табл.
_d20
225 1 _aЖизнь по Болотову
225 1 _aМедицина Болотова
_eМБ
606 1 _aТерапия нетрадиционная
_92050901
_3RU\NLR\auth\66946143
610 0 _aЗдравоохранение. Медицинские науки -- Общая гигиена -- Личная гигиена и гигиена быта -- Популярные издания
610 0 _aочищение организма
686 _aР120.4я9
_2rubbk
686 _aР358.9
700 1 _aБолотов
_bБ. В.
_gБорис Васильевич
_4070
701 1 _4070
_8rus
_7ca
_aПогожев
_bГ. А.
_gГлеб Андреевич
_3RU\NLR\auth\7711822
_9121558
801 0 _aRU
_bРКП
_c20070117
_grcr
801 1 _aRU
_bРГБ
_c20070117
801 2 _aRU
_bNLR
_c20070215
_grcr
942 _cBOOK
980 _aNB